000 00794cam a22001931 4500
082 _a621.3126
_bPIK
_cL-10, P-18
100 1 _aPike, Charles Henry.
_941325
245 1 0 _aSubstation plant and equipment;
_ba survey of the practice and principles of modern substation engineering with particular reference to recent developments,
_cby Charles H. Pike, with 212 illustrations.
260 _aLondon,
_bNewnes
_c[1943]
300 _axi, 340 p.
_billus., diagrs.
_c23 cm.
500 _a"First published 1943."
500 _aPages 325-340, advertising matter.
526 _a0
_b0
_c0
_d621_312600000000000_PIK
526 _a0
_b0
_c0
_d621_312600000000000_PIK
650 0 _aElectric apparatus and appliances.
_941326
650 0 _aElectric power-plants.
_935699
650 0 _aMCE
_9379
942 _2ddc
_cBK
999 _c545467
_d545467